| 000 | 00677nam a22002057a 4500 | ||
|---|---|---|---|
| 003 | OSt | ||
| 005 | 20151202103537.0 | ||
| 008 | 131015e20132013xxu||||| |||| 00| 0 eng d | ||
| 020 | _a9788494145612 | ||
| 024 |
_2DL _aB-17043-2013 |
||
| 040 |
_bcat _cCDMR |
||
| 100 |
_9860 _aGallego Ayala, Juana |
||
| 245 | 1 | 0 |
_aDe reinas a ciudadanas _b: medios de comunicación, ¿motor o rémora para la igualdad? _cJuana Gallego Ayala |
| 260 |
_a[Barcelona] _c2013 _bAresta |
||
| 300 | _a309 p. | ||
| 490 |
_aAresta Mujeres _v4 |
||
| 650 | 0 | 4 |
_93818 _aMitjans de comunicació de massa i dones |
| 650 | 0 | 4 |
_94436 _aPaper segons el sexe en els mitjans de comunicació de massa |
| 942 |
_2udc _cMON |
||
| 999 |
_c6642 _d6642 |
||